000 00341nam a2200145Ia 4500
008 191201s2009 xx 000 0 und d
082 _a005.133
_bSEC
100 _aSebesta, Robert W
245 0 _aConcept of Programming Languages
250 _aIMP
260 _aN.Delhi
_bpearson
_c2009
300 _a763
650 _aMCA
942 _2ddc
_cBK
999 _c4185
_d4185